Statistics for Movie Sequels Quiz

Click here to take the quiz!

General Stats

  • This quiz has been taken 58,695 times
    (13,396 since last reset)
  • The average score is 11 of 22

Answer Stats

Movie Sequel % Correct
Ocean's ElevenOcean's Twelve
96%
Batman BeginsThe Dark Knight
78%
Star WarsThe Empire Strikes Back
73%
Meet the ParentsMeet the Fockers
72%
AlienAliens
64%
The MatrixThe Matrix Reloaded
64%
Raiders of the Lost ArkIndiana Jones and the
Temple of Doom
62%
The Bourne IdentityThe Bourne Supremacy
61%
The Fast and the Furious2 Fast 2 Furious
54%
The Silence of the LambsHannibal
53%
Analyze ThisAnalyze That
51%
Look Who's TalkingLook Who's Talking Too
44%
Rocky VRocky Balboa
44%
Jurassic ParkThe Lost World: Jurassic Park
42%
TwilightThe Twilight Saga: New Moon
42%
Batman ReturnsBatman Forever
42%
American Pie 2American Wedding
38%
Hot Shots!Hot Shots! Part Deux
37%
Die Hard 2: Die HarderDie Hard with a Vengeance
35%
Honey, I Shrunk the KidsHoney, I Blew Up the Kid
34%
Bill & Ted's Excellent
Adventure
Bill & Ted's Bogus Journey
26%
Bridget Jones's DiaryBridget Jones:
The Edge of Reason
22%

Score Distribution

Percentile by Number Answered

Percent of People with Each Score

Your Score History

You have not taken this quiz since the last reset